Diakritikovač slovenského textu

Gespeichert in:
Bibliographische Detailangaben
1. Verfasser: Gedera, Jakub (Verfasst von)
Weitere Verfasser: Šimko, Marián (Betreuung Doktorarbeit)
Format: Manuskript Buch
Sprache:Slowakisch
Veröffentlicht: 2015
Schlagworte:
Online-Zugang:http://is.stuba.sk/zp/portal_zp.pl?podrobnosti=97059
Tags: Tag hinzufügen
Keine Tags, Fügen Sie das erste Tag hinzu!

MARC

LEADER 00000ntm a22000003a 4500
001 stuzp53512
003 SK-STU
005 20160719154510.5
007 ta
008 150427s2015----xo-----f-mn---000-0-slo-d
040 |a STU  |b slo 
041 0 |a slo 
044 |a xo 
100 1 |a Gedera, Jakub  |u 070200  |4 aut  |U FIIT Fakulta informatiky a informačných technológií  |T FIIT Ústav informatiky a softvérového inžinierstva  |X 52381  |U I200  |Y 179  |7 52381 
242 0 1 |a Automatic Diacritics Reconstruction in Slovak Texts  |y eng 
245 1 0 |a Diakritikovač slovenského textu 
260 |c 2015 
300 |a 50 s.  |e CD-ROM 
650 4 |a n-gram  |2 slo 
650 4 |a kontext  |2 slo 
650 4 |a jazykový model  |2 slo 
650 4 |a rekonštrukcia diakritiky  |2 slo 
650 4 |a language model  |2 eng 
650 4 |a n-grams  |2 eng 
650 4 |a context  |2 eng 
650 4 |a diacritics reconstruction  |2 eng 
700 1 |a Šimko, Marián  |4 ths  |X 30649  |7 30649 
856 4 |u http://is.stuba.sk/zp/portal_zp.pl?podrobnosti=97059 
996 |b 284IB00047  |c I* BAP46/15  |l II680  |s P  |a 0  |w stuzp53512_0001 
SQL |a stuzp53512  |b DBP  |c SLO  |d Diakritikovač slovenského textu  |e 52381  |f Gedera, Jakub  |g 070200  |h 30649  |i Šimko, Marián  |j 20150618  |k 202  |l 07  |m http://is.stuba.sk/zp/portal_zp.pl?podrobnosti=97059  |n B-INFO  |o 9.2.1. informatika